000 00392nam a2200133Ia 4500
008 211109s9999||||xx |||||||||||||| ||und||
082 _a824
_bRAD-C
100 _aRadhakrishnan, S
245 0 _aCreative Life
260 _bOrient Paperbacks
_aDelhi
_c2008
630 _xGeneral Stack
650 _aEnglish essays
_vEnglish & Old English literatures
_xLiterature & rhetoricEnglish
942 _cBOOK
999 _c93995
_d93995